| Tag |
First Indicator |
Second Indicator |
Subfields |
| LEADER |
00000cam a2200000 a 4500 |
| 001 |
in00001400821 |
| 005 |
20151020052037.0 |
| 008 |
871020s1984 cs a 000 1 cze d |
| 010 |
|
|
|a 85113666
|
| 035 |
|
|
|a (OCoLC)16879539
|
| 035 |
|
|
|9 AHM2339AM
|
| 040 |
|
|
|a CUY
|c CUY
|d DLC
|d UtOrBLW
|
| 049 |
|
|
|a TXAM
|
| 090 |
|
|
|a PG5038.W55
|b N49 1984
|
| 100 |
1 |
|
|a Winter, Zikmund,
|d 1846-1912.
|
| 245 |
1 |
0 |
|a Nezbedný bakalář /
|c Zikmund Winter.
|
| 250 |
|
|
|a 1. vyd.
|
| 264 |
|
1 |
|a Praha :
|b Melantrich,
|c 1984.
|
| 300 |
|
|
|a 143 pages :
|b illustrations ;
|c 18 cm.
|
| 336 |
|
|
|a text
|b txt
|2 rdacontent
|
| 337 |
|
|
|a unmediated
|b n
|2 rdamedia
|
| 338 |
|
|
|a volume
|b nc
|2 rdacarrier
|
| 541 |
0 |
|
|a Donated by Mr. and Mrs. Peter Lampa.
|
| 999 |
|
|
|a MARS
|
| 999 |
f |
f |
|s 4460a936-7023-3f27-b42d-9114ced17aea
|i 4e1c2a89-49ff-307b-8dcf-8566b26b9288
|t 0
|
| 952 |
f |
f |
|p ric
|a Texas A&M University
|b Rellis Campus
|c Joint Library Facility
|s JLF
|d Remote Storage
|t 0
|e PG5038.W55 N49 1984
|h Library of Congress classification
|i unmediated -- volume
|m A14821991912
|
| 998 |
f |
f |
|a PG5038.W55 N49 1984
|t 0
|l Remote Storage
|